000 nam a22 7a 4500
999 _c10843
_d10843
008 180226b ||||| |||| 00| 0 eng d
100 _aWason,V.
_96668
245 _aDouble Entry Book Keeping-XII
260 _aNew Delhi
_bS. Chand
_c2015